<?xml version="1.0" encoding="UTF-8"?>
<record
    xmlns:xsi="http://www.w3.org/2001/XMLSchema-instance"
    xsi:schemaLocation="http://www.loc.gov/MARC21/slim http://www.loc.gov/standards/marcxml/schema/MARC21slim.xsd"
    xmlns="http://www.loc.gov/MARC21/slim">

  <leader>01034nam a2200277 a 4500</leader>
  <controlfield tag="001">BRL_1730</controlfield>
  <controlfield tag="005">20190320211337.0</controlfield>
  <controlfield tag="008">220715s1947----mx-a######---#000-0#spa-#</controlfield>
  <datafield tag="041" ind1=" " ind2=" ">
    <subfield code="a">spa</subfield>
  </datafield>
  <datafield tag="044" ind1=" " ind2=" ">
    <subfield code="a">mx</subfield>
  </datafield>
  <datafield tag="050" ind1=" " ind2="4">
    <subfield code="a">F1219.8.C55</subfield>
    <subfield code="b">.H57 1947</subfield>
  </datafield>
  <datafield tag="245" ind1="1" ind2="0">
    <subfield code="a">Historia tolteca-chichimeca</subfield>
    <subfield code="b">anales de Quauhtinchan</subfield>
    <subfield code="c">Versi&#xF3;n preparada y anotada por Heinrich Berlin en colaboraci&#xF3;n con Silvia Rendon ; pr&#xF3;logo de Paul Kirchhoff.</subfield>
  </datafield>
  <datafield tag="260" ind1=" " ind2=" ">
    <subfield code="a">M&#xE9;xico</subfield>
    <subfield code="b">Antigua Librer&#xED;a Robredo, de Jos&#xE9; Porr&#xFA;a e hijos</subfield>
    <subfield code="c">1947</subfield>
  </datafield>
  <datafield tag="300" ind1=" " ind2=" ">
    <subfield code="a">147 p., 25 laminas</subfield>
    <subfield code="b">il., mapas</subfield>
    <subfield code="c">23 cm.</subfield>
  </datafield>
  <datafield tag="440" ind1=" " ind2="0">
    <subfield code="a">Fuentes para la historia de M&#xE9;xico</subfield>
    <subfield code="v">v.1</subfield>
    <subfield code="9">27743</subfield>
  </datafield>
  <datafield tag="500" ind1=" " ind2=" ">
    <subfield code="a">Colecci&#xF3;n publicada bajo la direcci&#xF3;n de Salvador Toscano</subfield>
  </datafield>
  <datafield tag="500" ind1=" " ind2=" ">
    <subfield code="a">Au1943.</subfield>
  </datafield>
  <datafield tag="650" ind1="1" ind2="4">
    <subfield code="a">Chichimecas</subfield>
    <subfield code="x">Historia</subfield>
    <subfield code="9">23757</subfield>
  </datafield>
  <datafield tag="650" ind1="1" ind2="4">
    <subfield code="a">Toltecas</subfield>
    <subfield code="x">Historia</subfield>
    <subfield code="9">23758</subfield>
  </datafield>
  <datafield tag="651" ind1=" " ind2="4">
    <subfield code="a">Quauhtinchan (M&#xE9;xico)</subfield>
    <subfield code="x">Historia</subfield>
    <subfield code="9">23759</subfield>
  </datafield>
  <datafield tag="700" ind1="1" ind2=" ">
    <subfield code="a">Berlin, Heinrich</subfield>
    <subfield code="d">1915-1988</subfield>
    <subfield code="9">27744</subfield>
  </datafield>
  <datafield tag="700" ind1="1" ind2=" ">
    <subfield code="a">Rendon, Silvia</subfield>
    <subfield code="9">27140</subfield>
  </datafield>
  <datafield tag="700" ind1="1" ind2=" ">
    <subfield code="a">Kirchhoff, Paul</subfield>
    <subfield code="9">9833</subfield>
  </datafield>
  <datafield tag="902" ind1=" " ind2=" ">
    <subfield code="a">GRL</subfield>
  </datafield>
  <datafield tag="942" ind1=" " ind2=" ">
    <subfield code="2">lcc</subfield>
    <subfield code="c">B</subfield>
  </datafield>
  <datafield tag="999" ind1=" " ind2=" ">
    <subfield code="c">10538</subfield>
    <subfield code="d">10538</subfield>
  </datafield>
  <datafield tag="952" ind1=" " ind2=" ">
    <subfield code="0">0</subfield>
    <subfield code="1">0</subfield>
    <subfield code="4">0</subfield>
    <subfield code="7">0</subfield>
    <subfield code="a">BRL</subfield>
    <subfield code="b">BRL</subfield>
    <subfield code="d">2015-07-22</subfield>
    <subfield code="i">Au1943.</subfield>
    <subfield code="l">0</subfield>
    <subfield code="o">F1219.8.C55 .H57 1947 (Au1943.)</subfield>
    <subfield code="p">GRL01896</subfield>
    <subfield code="r">2019-03-22 00:00:00</subfield>
    <subfield code="w">2019-03-22</subfield>
    <subfield code="y">B</subfield>
  </datafield>
</record>
